000 00643nam a22002297a 4500
003 UA-OsUOA
001 91267
007 ta
008 20121126b un ||||| |||| 00| 0 ukr d
100 _aСуходольський В.
090 _a821.161.2
_bС91
942 _cBK
040 _aUA-OsUOA
_bukr
_cUA-OsUOA
_dUA-OsUOA
245 _aП'єси
300 _a340 с.
955 _a3
041 _aukr
080 _a821.161.2
260 _aК.
_bДержавне видавництво художньої літератури
_c1960
650 7 _a82 Література. Літературознавство
_2UDC
999 _c377548
_d377548